00618nam a22002297a 4500003000500000005001700005008004100022010001000063011001000073035001000083040000900093082002100102100002900123245004800152250001000200260002800210300001100238490002700249650003600276710004900312830002700361CHAP20220817042037.0971013s1963 r 00010 d a32866 a33838 a37954 cCHAP a330.972bL6 196300aLópez Rosado, Diego G. aEnsayos de historia económica de México a2 ed. aMéxico :bUNAM,c1963 a321 p. aCultura mexicanav; 1714aHistoria económicaxMéxico.0 aUniversidad Nacional Autónoma de México.0 aCultura mexicanav; 17